• 首页
  • 本馆介绍
  • 公告通知
  • 最新文献
  • 馆藏检索
  • 电子资源
  • 读者荐购
  • 参考咨询
  • CALIS
  • 我的图书馆
  • 登录
  • 详细信息显示
  • 放入我的书架
  • 预约/预借图书
  • 作者相关作品
  • 分类相关作品
  • 丛书相关作品
  • 出版社相关作品

书目信息

  • 表格格式
  • 工作单格式
  • 卡片格式
题名:
城市轨道交通信号系统无感改造技术研究与实践
    
 
作者: 梁波 , 马在龙 , 蔡长江 编著
分册:  
出版信息: 长沙   中南大学出版社  2024.07
页数: 262页
开本: 24cm
丛书名:
单 册:
中图分类: U491.5
科图分类:
主题词: 轨道交通--gui dao jiao tong--交通信号--信号系统--技术改造--研究
电子资源:
ISBN: 978-7-5487-5575-3
 
 
 
 
 
000 01269nam0 2200277 450
001 97401
005 20250919143952.24
010    @a978-7-5487-5575-3@dCNY88.00
100    @a20240913d2024 em y0chiy50 ea
101 0  @achi
102    @aCN@b430000
105    @aak a 000yy
106    @ar
106    @ar
200 1  @a城市轨道交通信号系统无感改造技术研究与实践@Acheng shi gui dao jiao tong xin hao xi tong wu gan gai zao ji shu yan jiu yu shi jian@f梁波, 马在龙, 蔡长江编著
210    @a长沙@c中南大学出版社@d2024.07
215    @a262页@c图@d24cm
320    @a有书目 (第262页)
330    @a本书主要包括信号系统总体改造设计、信号系统总体实施方案、各子系统改造实施方案、施工过程、国内某项目改造实践等内容。该书编写的目的在于让读者理解城市轨道交通信号系统相关的基本知识 ; 理解信号系统的改造设计思路 ; 了解信号系统改造的基本过程 ; 梳理改造施工特殊要求。同时本书介绍了实际改造项目实践过程, 随着城市轨道信号设备进入改造高峰期, 可为当下信号系统执业者提供有效技术参考。
606 0  @a轨道交通@Agui dao jiao tong@x交通信号@x信号系统@x技术改造@x研究
690    @aU491.5@v5
701  0 @a梁波@Aliang bo@4编著
701  0 @a马在龙@Ama zai long@4编著
701  0 @a蔡长江@Acai chang jiang@4编著
801  0 @aCN@c20250909
905    @a河南城建学院图书馆@dU491.5@eL399@f1
    
    城市轨道交通信号系统无感改造技术研究与实践/梁波, 马在龙, 蔡长江编著.-长沙:中南大学出版社,2024.07
    262页:图;24cm
    
    
    ISBN 978-7-5487-5575-3:CNY88.00
    本书主要包括信号系统总体改造设计、信号系统总体实施方案、各子系统改造实施方案、施工过程、国内某项目改造实践等内容。该书编写的目的在于让读者理解城市轨道交通信号系统相关的基本知识 ; 理解信号系统的改造设计思路 ; 了解信号系统改造的基本过程 ; 梳理改造施工特殊要求。同时本书介绍了实际改造项目实践过程, 随着城市轨道信号设备进入改造高峰期, 可为当下信号系统执业者提供有效技术参考。
●
相关链接 在E读中查询图书 在当当中查询图书 在豆瓣中查询图书


正题名:城市轨道交通信号系统无感改造技术研究与实     索取号:U491.5/L399         预约/预借

序号 登录号 条形码 馆藏地/架位号 状态 备注
1 1638447   216384473   自科库501/501自科库 58排5列2层/ [索取号:U491.5/L399] 在馆    
河南城建学院图书馆 欢迎您!
大连网信软件有限公司© 版权所有